000 00876nam a22002417i 4500
003 EG-ScBUE
005 20221116032600.0
008 110823s1996 ua o f 000 0 bara d
017 _a1996 / 3730
020 _a9775284139
040 _aEG-ScBUE
_bara
_erda
_cEG-ScBUE
_dEG-ScBUE
082 0 4 _222
_a780.92
_bع م ر
100 1 _926864
_aالعمروسي، مجدي،
_eمؤلف.
245 1 0 _aمحمد عبد الوهاب :
_bالإنسان .. والفنان /
_cبقلم مجدي العمروسي.
250 _aالطبعة الثانية.
264 1 _aالقاهرة :
_bدار الحياة،
_c1996.
300 _a435 صفحة :
_bصور ؛
_c24 سم
600 1 7 _926868
_aعبد الوهاب، محمد.
_2BUEsh
650 7 _926867
_aالموسيقيون المصريون
_xتراجم.
_2BUEsh
653 _cAugust2011
_bART
655 _vReading book
942 _2ddc
_cBB
999 _c15902
_d15902